000 00561nam a2200181 4500
001 123043
003 ES-MaACL
005 20230906192111.0
007 t|
008 070214s1971 sp r ||||0| spa d
100 1 _aProton, Didier Edmond.
_994046
245 1 0 _aQué ha dicho verdaderamente Santo Tomás de Aquino /
_cDidier E. Proton ; traducción por Rosario de la Iglesia.
250 _a1ª ed.
260 _aMadrid :
_bDoncel,
_c1971.
300 _a132 p ;
_c18 cm.
700 1 _aIglesia, Rosario de la.
_965062
852 _aES-MaACL
_jC-41607
_bR.79971
999 _c123043
_d123043